W jakim jezyku urzędow mówi się w tych państwach? - Statystyki

Ogólne statystyki
  • Ten quiz został rozwiązany 278 razy
    231 od ostatniego zresetowania
  • Średni wynik to 7 z 15
Statystyki odpowiedzi
państwo język urzędowy % Poprawnych
Polska polski
81%
Salwador hiszpański
73%
Dem.Rep.Kongo francuski
67%
Mołdawia rumuński
65%
Surinam holenderski
64%
Timor Wschodni portugalski
63%
Andora kataloński
55%
Gwinea Równikowa hiszpański
51%
Kazachstan kazachski
46%
Samoa angielski
42%
Filipiny angielski
39%
Erytrea arabski
34%
Somalia włoski
22%
Wyspy Marshalla marszalski
8%
Indonezja Indonezyjiski
0%
Nie znaleziono quizów pasujących do podanych kryteriów
Rozkład punktacji
Procent ludzi z każdym wynikiem
Percentyl według liczby udzielonych odpowiedzi
Twoja historia wyników
Nie rozwiązałeś tego quizu od ostatniego zresetowania